| 000 | 01024 a2200229 4500 | ||
|---|---|---|---|
| 001 | 63082 | ||
| 005 | 20260407155926.0 | ||
| 008 | 260407a1994 arg spa d | ||
| 003 | AR-UNSa-BCEJYS | ||
| 040 |
_aAR-UNSa-BCEJYS _bspa _cAR-UNSa-BCEJYS |
||
| 080 |
_a37.014 _xPolítica educativa. Educación y vida pública (Intercambio de profesores y alumnos ) |
||
| 245 | 1 | 0 | _aRespuestas a la crisis educativa |
| 020 | _a950-99091-3-2 | ||
| 264 | 1 |
_aBuenos Aires : _bCántaro Editores _c1994 |
|
| 300 |
_a205 p. _c22 cm. |
||
| 505 | _a1. Educación, política y democracia – 2. Educación y transacción democrática: presentación y análisis de caos nacionales – 3. Educación y realidad estructural en América Latina – 4. Los docentes y los técnicos: ¿Actores potenciales de la transformación educativa? – 5. Hacia la revolución democrática de la educación - | ||
| 041 | _aspa | ||
| 942 | _cBK | ||
| 590 | _aniveau_biblio:m niveau_hierar:0 | ||
| 100 | 1 | _aBraslavsky, Cecilia | |
| 700 | 1 | _aFilmus, Daniel | |
| 999 |
_c7982 _d7982 |
||